Quizzes
Events
Quiz Creation
Community
Videos
Private Events
Remove Ads
Sign In
Join for FREE
Feedback
Dark Mode
Quiz Categories
Sports
Geography
Music
Movies
Television
Just For Fun
Miscellaneous
History
Literature
Language
Science
Gaming
Entertainment
Religion
Holiday
For Kids
Quiz Lab
Recent
Popular Today
Quiz Kudos Today
Editor Picks
Curator Picks
Quizzes by...
Day
Popularity
Type
Ratings
Length
Year
Community
Subscriptions
Recent Discussions
Orange Saloon
Badges
Playlists
Quests
Create
Leaderboards
Showdown
Live 5
Trivia Bingo
Activity
Puzzle Library
Sporcle Events
Private Events
Virtual Trivia
Globe League
Become a Host
Pub Owners
SporcleCon
Opinionation
Our Games
Videos
Blog
Mobile Apps
Partnerships
Remove Ads and Go Orange
Feedback
Sports
Athletes
MLB
NBA
NHL
NFL
Soccer
Sports Teams
WWE
NCAA
Football
Premier League
Basketball
Baseball
Hockey
Golf
Tennis
Cricket
Rugby
Auto Racing
Olympics
World Cup
Sports
Athletes
MLB
NBA
NHL
NFL
Soccer
Sports Teams
WWE
NCAA
Football
Premier League
Basketball
Baseball
Hockey
Golf
Tennis
Cricket
Rugby
Auto Racing
Olympics
World Cup
Random Quiz
Search Sporcle
×
Quiz Lab
Quiz Lab
Sports
NBA
Type in answers that appear in a list
Type in answers that appear in a list
Classic
Best Score? Go Orange.
NBA's Top 10 Clutch Players of All Time Stats
Can you name the NBA's Top 10 most clutch players of all time?
By
qballquinn
4m
10 Questions
232 Plays
232 Plays
232 Plays
Comments
Comments
Give Quiz Kudos
Give Quiz Kudos
-
- Ratings
hide this ad
Replay
Link that replays current quiz
Next Quiz
Link to next quiz in quiz playlist
You Got
0%
They Got
Avg Score
33%
Avg Friend Score
Upgrade to see
Score Distribution
Jump to the score distribution portion of the page
Score
0/10
Timer
04:00
0
Plays Today
Rank
player
% Correct
Number 3
Michael Jordan
94.8%
Number 1
Larry Bird
69%
Number 7
Jerry West
40.9%
Number 2
Reggie Miller
38.4%
Number 5
Ray Allen
28.9%
Number 10
Isiah Thomas
19%
Number 6
Dwyane Wade
15.5%
Number 8
Steve Nash
12.1%
Number 9
Vince Carter
9.1%
Number 4
Earvin 'Magic' Johnson
6.9%
Quiz Playlist
Details
Report
Send in Message
Add To Playlist
Classic:
Type in answers that appear in a list
Last Updated: Aug 6, 2017
Quiz Scoreboard
CHALLENGE
Sign Up to Join the Scoreboard
Show All
Scores
Hide
Comments
May contain spoilers
Recently Published
Click the 1999 NBA Draft
by nibperrychub
Sports
2m
Alphabetical 'K' Countries by Flag Minefield
by ylime102
Geography
3m
Pick 6: Fruits
by JohnFran
Miscellaneous
15s
More to Explore
Quiz From the Vault
Featured Blog Post
15 Basketball Trivia Facts You Can Be March Mad About
hide this ad
You Might Also Like...
Tags
Basketball Quiz
NBA Quiz
3 Point
All Time
clutch
Player
point
Shooter
team
Top 10
Today's Top Quizzes in Sports
Browse Sports
hide this ad
Today's Top Quizzes in NBA
Browse NBA
Top Contributed Quizzes in Sports
1
Les joueurs à 100 buts en Ligue 1 Uber Eats
2
Pick 6: NFL Teams
3
MLB 2 truths and a lie: Hall of Fame pitchers
4
2022 World Cup Stars
5
Criteria MLB: Left Handed Sluggers
6
Millionaire: NBA Finals Edition
7
Pick 6: Minor League Baseball
8
Click the 1998 NBA Draft
9
Don't Strike Out: 3000 Strikeouts
10
Pick 6: Olympics
Explore More
Trending Topics
Harry Potter
Anime
NBA
Disney
Crossword
Kpop
Marvel
Pokémon
WWE
Puzzle
NFL
The Office
Soccer
Country
Song
hide this ad
More By:
qballquinn
Quiz
Plays
Rating
Category
Featured
Created
Best NBA Nicknames 2013-14
560
2.43
Sports
Dec 22, 2013
NBA 40 Point Games 2013-2014
441
2.50
Sports
Dec 9, 2013
NBA Players with Game Winners under 15 seconds 2013
366
4.25
Sports
Jun 23, 2013
NBA Top 20 Point Guards (By the Stats 2013)
271
2.00
Sports
Mar 4, 2013
NBA Top 10 Point Guards of All Time
247
1.50
Sports
Nov 3, 2012
Go to Creator's Profile
Score Distribution
Quiz Creator Spotlight
qballquinn
Follow
Send a Message
Quizzes Created
-
Created Quiz Play Count
-
More By This Creator
Popular Quizzes Today
1
Countries of Asia Without Outlines Minefield
2
Find the US States - No Outlines Minefield
3
Pick 6: Fruits
4
Alphabetical 'K' Countries by Flag Minefield
5
The Countries of the World
6
Find the US States
7
US States
8
Match the Book to the Film X
More Sports Quizzes
Patriots Multi Column Match
Quiz Lab
Trending Quizzes
Pick 6: Mountains
Pick 6: Harry Potter
Pick 6: NFL Teams
Pick 6: Movie Franchises
Pick 6: Flags
Recently Updated
NWSL Teams
pecheneg
Women's Final Four Teams by Year
bhenderson79
Presidents Quartet II
eogle
Anything But Clue(do)
eogle
Anything But Oceanian Capitals
eogle
Anything But 7
eogle
Anything But Thing
eogle
Word Ladder: February 29
pecheneg
Song Title Questions
pecheneg
Women's NCAA Tournament #1 Seeds
pecheneg
Trending Topics
Anime
Harry Potter
NBA
Marvel
Disney
Kpop
Crossword
Country
Soccer
Song
Pokémon
NFL
Puzzle
WWE
The Office
Your Account Isn't Verified!
In order to create a playlist on Sporcle, you need to verify the email address you used during registration. Go to your
Sporcle Settings
to finish the process.
Report this User
Report this user for behavior that violates our
Community Guidelines
.
Details:
Send Report
Go to the Sporcle.com Mobile Site →
Comments